Normal view MARC view
  • Paluzie, Esteban,

Entry Nombre Personal

Number of records used in: 1

001 - NUMERO DE CONTROL

  • campo de control: 52268

003 - IDENTIFICADOR DE NUMERO DE CONTROL

  • campo de control: MX-MxUPN

005 - FECHA Y HORA DE LA ÜLTIMA TRANSACCIÓN

  • campo de control: 20240607132643.0

008 - DATOS DE LONGITUD FIJA

  • campo de control de longitud fija: 240607|| aca||aabn | aaa d

010 ## - NÚMERO DE CONTROL DE LA BIBLIOTECA DEL CONGRESO

  • Número de control LC: n 95049658

035 ## - NUMERO DE CONTROL

  • Número de control: (OCoLC)oca03844138

040 ## - FUENTE DE CATALOGACIÓN

  • Agencia original de catalogación: DLC
  • Lenguaje de catalogación: spa
  • Agencia de transcripción: DLC
  • Agencia que lo modifica: OCoLC
  • Agencia que lo modifica: MX-MxUPN

100 1# - ENCABEZAMIENTO - NOMBRE PERSONAL

  • Nombre personal: Paluzie, Esteban,
  • Fechas asociadas con el nombre: 1806-1873

670 ## - FUENTE EN LA QUE SE LOCALIZARON DATOS

  • Cita de la fuente: autoridades LC, 07 mayo 2024 :
  • Información localizada: (Paluzie, Esteban, 1806-1873)
  • Uniform Resource Identifier: https://lccn.loc.gov/n95049658

902 ## - CATALOGADOR

  • Catalogador: MaríaRobles/070624